Notas metodológicas sobre el estudio Empleo rural, Estado y políticas públicas en Centro América /
Gardado en:
| Autor Principal: | |
|---|---|
| Autor Corporativo: | |
| Outros autores: | |
| Formato: | Texto |
| Publicado: |
San José:
CSUCA
|
| Etiquetas: |
Engadir etiqueta
Sen Etiquetas, Sexa o primeiro en etiquetar este rexistro!
|
MARC
| LEADER | 00000 a a2200000 04500 | ||
|---|---|---|---|
| 001 | 20366 | ||
| 003 | |||
| 040 | |||
| 090 | |a 084900 | ||
| 100 | |a León Godoy, Patricio | ||
| 110 | |a CSUCA | ||
| 245 | |a Notas metodológicas sobre el estudio Empleo rural, Estado y políticas públicas en Centro América / |c Patricio León Godoy | ||
| 260 | |a San José: |b CSUCA | ||
| 300 | |a 24 p | ||
| 700 | |a Buarque de Hollanda, Teodoro | ||
| 999 | |c 11838 |d 11838 | ||
